000 00568nai a2200181Ia 4500
003 IN-BaIIA
008 211028c9999 xx s 000 0 eng d
022 _a0013-9580 (Print)
022 _a1528-1167 (Online)
040 _cIIA Library
245 0 _aEpilepsia
_h[eJournal]
260 _aNew Jersey
_bJohn Wiley & Sons
310 _aMonthly
362 _a38(1); 1997 - Present
521 _bSubscribed through National Knowledge Resource Consortium (NKRC)
856 _uhttps://onlinelibrary.wiley.com/journal/15281167
_yClick Here to Access eJournal
942 _cEJ
999 _c34339
_d34339